| 000 | 00485nam a22001697a 4500 | ||
|---|---|---|---|
| 005 | 20170523120300.0 | ||
| 008 | 170523b xxu||||| |||| 00| 0 eng d | ||
| 020 | _a9773426289 | ||
| 040 | _cPK-LaUMT | ||
| 082 |
_aZIAC 297.01 _bIBR-B |
||
| 100 | _aIbrahim Al Bayumi Ghanim | ||
| 245 |
_aBina ul mufaheem/ _cIbrahim Al Bayumi Ghanim |
||
| 260 |
_aبیروت: _bالمعھد العالمی للفکر الاسلامی، _c2008 |
||
| 300 | _a376 ص | ||
| 546 | _aعربی | ||
| 942 | _cBK | ||
| 999 |
_c93959 _d93959 |
||